000 00872nam a2200289 i 4500
001 bg
100 1 _aKUCHARSKI, Jan
245 0 0 _aFizyka.
_nT. 2 /
_cJan Kucharski.
260 _aBiałystok :
_bWydawnictwa PB,
_c1994.
300 _a304 s. :
_brys., wykr. ;
_c23 cm.
490 1 _aSkrypty / Politechnika Białostocka
500 _aT.1 pod hasłem : Kucharski Jan, Kucharczyk Mieczysław.
504 _aBibliogr. s. 304.
521 _aDla studentów wydziałów mechanicznych.
650 9 _aFizyka
655 _aPodręczniki akademickie
830 0 _aSkrypty (Politechnika Białostocka)
020 _a8386272066 (t. 2)
020 _a838627204X (całość)
040 _cBPK
041 0 _apl
080 _a53(075.8)
920 _a83-86272-06-6 (t. 2)
920 _a83-86272-04-X (całość)
942 _cKS
008 s pl f |000 0 pol
999 _c24387
_d24387
856 _uhttp://koha.tu.koszalin.pl/cgi-bin/koha/opac-detail.pl?biblionumber=24387
_yKatalog online BPK